000 00736nam a2200253Ia 4500
003 OSt
005 20221006142321.0
006 a|||||r|||| 00| 0
007 ta
008 221006b |||||||| |||| 00| 0 eng d
020 _a0312159773
_cP40.00
024 _a6,050
037 _cTextual
040 _aEASL
_cEASL
_beng
041 _2eng
_aeng
082 _aV42:191.N95, N6
100 _aDRIFTE Reinhard
_9599682
245 0 _aJapan's foreign policy in the 1990s
_b From economic superpower to what power?
260 _aLondon
_bMacmillan Press
_c1996
300 _a197p.
_ccm.
490 _v JEL
_aST. Antony's series
942 _hV42:191.N95, N6
_cTEXL
_2CC
999 _c1074136
_d1074136